Every 1,000,000+ City in N. America - Statistics

General Stats
  • This quiz has been taken 17 times
  • The average score is 83 of 103
Answer Stats
Country Letter Population City % Correct
Canada C 1,320,941 Calgary
100%
Canada E 1,217,742 Edmonton
100%
Mexico G 5,733,561 Guadalajara
100%
Guatemala G-C 3,374,185 Guatemala City
100%
Cuba H 2,218,521 Havana
100%
Mexico M-C 23,451,303 México City
100%
Mexico M 5,350,919 Monterrey
100%
Canada M 3,675,219 Montréal
100%
Panama P-C 2,056,346 Panamá City
100%
Haiti P-A-P 3,489,620 Port-au-Prince
100%
Mexico P 3,505,132 Puebla
100%
USA S-J 2,704,456 San Jose
100%
Costa Rica S-J 2,205,560 San José
100%
El Salvador S-S 1,982,237 San Salvador
100%
Dominican Republic S-D 4,402,136 Santo Domingo
100%
Honduras T 1,575,168 Tegucigalpa
100%
Mexico T 2,511,782 Tijuana
100%
Canada T 7,115,834 Toronto
100%
Canada V 2,707,861 Vancouver
100%
USA A 5,309,407 Atlanta
94%
USA A 2,079,015 Austin
94%
USA B 2,380,602 Baltimore
94%
USA B 5,014,480 Boston
94%
USA C 1,807,392 Charlotte
94%
USA C 9,552,941 Chicago
94%
USA C 1,707,245 Cincinnati
94%
USA C 2,027,550 Columbus
94%
USA D 8,127,260 Dallas
94%
USA D 3,640,339 Denver
94%
USA H 7,806,542 Houston
94%
USA I 1,990,307 Indianapolis
94%
USA J 1,406,185 Jacksonville
94%
USA K-C 1,749,037 Kansas City
94%
USA L-V 2,227,493 Las Vegas
94%
USA L-A 17,315,460 Los Angeles
94%
Nicaragua M 1,354,928 Managua
94%
USA M 6,229,012 Miami
94%
USA M 3,552,646 Minneapolis
94%
USA N 1,193,407 Nashville
94%
USA N-O 1,018,302 New Orleans
94%
USA N-Y-C 21,085,411 New York City
94%
Canada O 1,120,273 Ottawa
94%
USA P 5,805,721 Philadelphia
94%
USA P 2,198,845 Portland
94%
USA S-L-C 2,612,705 Salt Lake City
94%
USA S-A 2,503,916 San Antonio
94%
USA S-D 3,510,577 San Diego
94%
USA S-F 7,208,355 San Francisco
94%
USA S-J 1,844,410 | 1,912,010 San Juan
94%
USA S 4,625,298 Seattle
94%
USA T 4,301,370 Tampa
94%
USA W-D-C 7,915,492 Washington D.C.
94%
Mexico C-J 1,628,550 Ciudad Juárez
88%
USA C 2,313,040 Cleveland
88%
USA D 4,119,673 Detroit
88%
USA E-P 1,007,958 El Paso
88%
USA F-W 1,104,569 Fort Worth
88%
USA M 1,108,155 Memphis
88%
USA O-C 1,629,810 Oklahoma City
88%
USA O 2,281,187 Orlando
88%
USA R 1,061,085 Richmond
88%
Honduras S-P-S 1,106,034 San Pedro Sula
88%
USA S-L 2,160,059 St. Louis
88%
USA T 1,073,483 Tucson
88%
Mexico C 1,073,780 Cancún
81%
Mexico C 1,155,030 Chihuahua
81%
Mexico L 1,751,934 León
81%
USA L 1,116,790 Louisville
81%
USA M 1,436,960 Milwaukee
81%
USA P 4,406,929 Phoenix
81%
USA P 1,602,883 Pittsburgh
81%
USA R 1,510,066 Raleigh
81%
USA S 2,260,479 Sacramento
81%
USA V-B 1,780,961 Virginia Beach
81%
USA B 1,057,346 Buffalo
75%
USA G 1,229,007 Greensboro
75%
USA H 1,008,323 Honolulu
75%
USA R 2,193,107 Riverside
75%
Mexico S-L-P 1,330,551 San Luis Potosí
75%
Mexico T 2,737,910 Toluca
75%
Mexico A 1,058,445 Acapulco
63%
Mexico A 1,214,066 Aguascalientes
63%
Mexico M 1,312,277 Mérida
63%
USA S-B 1,630,996 San Bernardino
63%
USA A 1,791,005 Anaheim
56%
USA N-H 1,105,923 New Haven
56%
USA S-P 1,128,508 St. Petersburg
56%
Mexico E-D-M 1,686,145 Ecatepec de Morelos
50%
Mexico M 1,219,504 Mexicali
50%
Mexico T 1,348,230 Torreón
50%
Dominican Republic S-D-E 1,167,264 Santo Domingo Este
44%
Mexico C 1,180,605 Cuernavaca
38%
Mexico S 1,071,034 Saltillo
38%
Mexico Z 1,515,960 Zapopan
38%
USA M 1,166,857 McAllen
31%
Dominican Republic S-D-L-C 1,078,239 Santiago de los Caballeros
31%
USA A 1,581,170 Alexandria
25%
Mexico R 1,005,288 Reynosa
25%
Mexico T 1,102,422 Tampico
25%
Mexico N 1,126,448 Nezahualcóyotl
19%
Mexico S-D-Q 1,552,990 Santiago de Querétaro
13%
Mexico H-V 1,038,559 Heroica Veracruz
6%
No matching quizzes found
Score Distribution
Percent of People with Each Score
Percentile by Number Answered
Your Score History
You have not taken this quiz